El cielo compartido : deidades y ancestros en las vasijas efigie zapotecas /
Análisis de las vasijas zapotecas antropomorfas de cerámica, ligadas centralmente a ritos funerarios y expresión, previsiblemente, de la cosmovisión del grupo.
সংরক্ষণ করুন:
| প্রধান লেখক: | |
|---|---|
| বিন্যাস: | গ্রন্থ |
| ভাষা: | স্প্যানিশ |
| প্রকাশিত: |
Mérida, México :
UNAM, Centro Peninsular en Humanidades y Ciencias Sociales,
2007, c2007
|
| মালা: | (Monografías CEPHCIS ;
4) |
| বিষয়গুলি: | |
| ট্যাগগুলো: |
কোনো ট্যাগ নেই, প্রথমজন হিসাবে ট্যাগ করুন!
|
MARC
| LEADER | 00000nam^a2200000^a^4500 | ||
|---|---|---|---|
| 001 | 000316551 | ||
| 005 | 20250521000000.0 | ||
| 008 | 080829 20072007 | ||
| 009 | 20260310113318.001 | ||
| 020 | |a 978-970-32-4485-0 | ||
| 037 | |a Acervo ITESO - Biblioteca | ||
| 041 | |a ESP | ||
| 082 | |a 738. 09727401 |b SEL | ||
| 100 | |a Sellen, Adam T. |e (autor) | ||
| 245 | 1 | 3 | |a El cielo compartido : |b deidades y ancestros en las vasijas efigie zapotecas / |c A.T. Sellen. |
| 264 | 4 | |a Mérida, México : |b UNAM, Centro Peninsular en Humanidades y Ciencias Sociales, |c 2007, c2007 | |
| 300 | |a 400 p. | ||
| 336 | |a texto |b txt |2 rdacontenido | ||
| 337 | |a sin mediación |b n |2 rdamedio | ||
| 338 | |a volumen |b nc |2 rdasoporte | ||
| 440 | 1 | |a (Monografías CEPHCIS ; |v 4) | |
| 520 | |a Análisis de las vasijas zapotecas antropomorfas de cerámica, ligadas centralmente a ritos funerarios y expresión, previsiblemente, de la cosmovisión del grupo. | ||
| 649 | |a XX | ||
| 650 | |a Zapotecas - |x Historia - |x Tema Principal | ||
| 650 | |a Indígenas de México - |z Oaxaca - |x Historia - |y Epoca Prehispánica | ||
| 650 | |a Cosmovisión - |z Oaxaca - |x Historia - |y Epoca Prehispánica | ||
| 650 | |a Cosmovisión - |z México - |x Historia - |y Epoca Prehispánica | ||
| 650 | |a Cerámica Zapoteca - |z Oaxaca - |x Historia y Crítica - |x Tema Principal | ||
| 650 | |a Cerámica Prehispánica - |z Oaxaca - |x Historia y Crítica | ||
| 650 | |a Cerámica Prehispánica - |z México - |x Historia y Crítica | ||
| 650 | |a Cerámica Oaxaqueña - |x Historia y Crítica | ||
| 650 | |a Cerámica Mexicana - |x Historia y Crítica | ||
| 650 | |a Arte Funerario - |z Oaxaca - |x Historia y Crítica - |x Tema Principal | ||
| 650 | |a Arte Funerario - |z México - |x Historia y Crítica | ||
| 650 | |a Arte Zapoteca - |z Oaxaca - |x Historia y Crítica | ||
| 650 | |a Arte Prehispánico - |z Oaxaca - |x Historia y Crítica | ||
| 650 | |a Arte Prehispánico - |z México - |x Historia y Crítica | ||
| 650 | |a Arte Oaxaqueño - |x Historia y Crítica | ||
| 650 | |a Arte Mexicano - |x Historia y Crítica | ||
| 650 | |a Arqueología - |z Oaxaca - |x Tema Principal | ||
| 650 | |a Arqueología - |z México | ||
| 650 | |a Oaxaca - |x Descripción | ||
| 650 | |a México - |x Descripción | ||
| 650 | |a Oaxaca - |x Historia - |y Epoca Prehispánica | ||
| 650 | |a México - |x Historia - |y Epoca Prehispánica | ||
| 910 | |a Fondo General | ||
| 920 | |a Impresos - Libros | ||
| 930 | |a Colección General | ||
| 905 | |a 101 | ||
| 901 | |a 0500203214 |b IT1 |c ACC |i C122713 |u 20250521 | ||
| 902 | |a https://opac.biblio.iteso.mx/vufind/Record/000316551 | ||